00853nam a2200229 i 4500001000700000003000900007005001700016007000300033008004100036080001200077100003500089245006500124260007800189300002200267490004400289500002900333650003800362830004900400852003300449999001900482952012200501106202ES-MaACL20240508205134.0t|061009s1964 mx ||||1| spa d a33(038)1 aRiera Llorca, Vicenç.99712610aVocabulario económico / c[preparado por V. Riera Llorca]. aMéxico, D.F. : bCentro de Estudios y Documentación Sociales, c1964. a106 p. ; c19 cm.1 aManuales de educación cívica ; v16 aBiblioteca Juan Andrade.14aEconomía-xDiccionarios.9120080 aManuales de educación cívicav169185133 aES-MaACLjAND-764 bR.110060 c106202d106202 00104070aATENEOMbATENEOMcDEPO2d2008-01-17eSCl0oAND-764p1110868r2023-02-23 00:00:00w2023-02-23yMONOGRAFIA